იოანე ბაგრატიონის "ქართული ლექსიკონი" / (ბიბ.ჩანაწერი № 53226)
[ მარტივი ფორმატი ]
| 000 -ლიდერი | |
|---|---|
| ფიქსირებული სიგრძის საკონტროლო ველი | 01255nam a2200253Ia 4500 |
| 001 - საკონტროლო ნომერი | |
| საკონტროლო ველი | 20267 |
| 003 - საკონტროლო ნომრის იდენტიფიკატორი | |
| საკონტროლო ველი | GE_BSU |
| 005 - ბოლო ოპერაციის თარიღი და დრო | |
| საკონტროლო ველი | 20200729201218.0 |
| 008 - ფიქსირებული სიგრძის მონაცემთა ელემენტები - ზოგადი ინფორმაცია | |
| ფიქსირებული სიგრძის საკონტროლო ველი | 181216s1975||||ge |||||||||||||| ||geo|| |
| 040 ## - კატალოგიზაციის წყარო | |
| Transcribing agency | GE_BSU |
| 041 ## - ენის კოდი | |
| Language code of text/sound track or separate title | geo |
| 080 ## - უნივერსალური ათობითი კლასიფიკაციის ინდექსი | |
| Universal Decimal Classification number | 811.353.1'373 ქ-84 |
| 100 ## - მთავარი ჩანაწერი - პიროვნების სახელი | |
| Personal name | ქუთათელაძე, ლილი |
| 9 (RLIN) | 9076 |
| 245 ## - ცნობა სათაურის შესახებ | |
| Title | იოანე ბაგრატიონის "ქართული ლექსიკონი" / |
| Statement of responsibility, etc | ლილი ქუთათელაძე ; მხატვ. მ. თუშმალიშვილი. |
| 264 ## - წარმოების, გამოცემის, დისტრიბუციის და სხვა ცნობები | |
| გამოცემის, წარმოების, დისტრიბუციის... ადგილი | თბილისი : |
| გამოცემის, წარმოების, დისტრიბუციის... სახელწოდება | მეცნიერება, |
| გამოცემის, წარმოების, დისტრიბუციის... თარიღი | 1975. |
| 300 ## - ფიზიკური აღწერა | |
| Extent | 211 გვ. ; |
| Dimensions | 23 სმ. |
| 653 ## - INDEX TERM--UNCONTROLLED | |
| Uncontrolled term | იოანე ბაგრატიონის "ქართული ლექსიკონი" |
| 653 ## - INDEX TERM--UNCONTROLLED | |
| Uncontrolled term | ქართული ენა |
| 700 ## - ADDED ENTRY--PERSONAL NAME | |
| Personal name | თუშმალიშვილი, მ. |
| Relator term | მხატვარი |
| 9 (RLIN) | 9077 |
| 710 ## - ADDED ENTRY--CORPORATE NAME | |
| Corporate name or jurisdiction name as entry element | საქართველოს სსრ მეცნიერებათა აკადემია |
| 9 (RLIN) | 9078 |
| 710 ## - ADDED ENTRY--CORPORATE NAME | |
| Corporate name or jurisdiction name as entry element | გ. კეკელიძის სახელობის ხელნაწერთა ინსტიტუტი |
| 9 (RLIN) | 9079 |
| 942 ## - ADDED ENTRY ELEMENTS (KOHA) | |
| Koha item type | წიგნი |
| Source of classification or shelving scheme | |
| ჩამოწერის სტატუსი | დაკარგული ეგზემპლარის სტატუსი | კლასიფიკაციის წყარო ან თაროზე გაწყობის სქემა | დაზიანების სტატუსი | არ გაიცემა | მუდმივი მდებარეობა (დაცვის ადგილი) | ამჟამინდელი ადგილსამყოფელი | თაროზე განთავსების ადგილი | შეძენის თარიღი | ღირებულება, შესყიდვის ნორმალური ფასი | სრული შენახვის შიფრი | შტრიხკოდი | ბოლო ოპერაციის თარიღი | ეგზემპლარის მიმდევრობითი ნომერი (კეტერი?) | ფასის ძალაში შესვლის თარიღი | ეგზემპლარის სახეობა | საჯარო შენიშვნა |
|---|---|---|---|---|---|---|---|---|---|---|---|---|---|---|---|---|
| ბათუმის შოთა რუსთაველის სახელმწიფო უნივერსიტეტის მთავარი ბიბლიოთეკა | ბათუმის შოთა რუსთაველის სახელმწიფო უნივერსიტეტის მთავარი ბიბლიოთეკა | წიგნსაცავი | 2018-12-17 | 5.00 | 811.353.1'373 ქ-84 | 52903 | 2018-12-17 | 52903 | 2018-12-17 | წიგნი | 5.00 ლ | |||||
| ბათუმის შოთა რუსთაველის სახელმწიფო უნივერსიტეტის მთავარი ბიბლიოთეკა | ბათუმის შოთა რუსთაველის სახელმწიფო უნივერსიტეტის მთავარი ბიბლიოთეკა | წიგნსაცავი | 2018-12-17 | 2.60 | 811.353.1'373 ქ-84 | 52904 | 2018-12-17 | 52904 | 2018-12-17 | წიგნი | 2.60 ლ. | |||||
| ბათუმის შოთა რუსთაველის სახელმწიფო უნივერსიტეტის მთავარი ბიბლიოთეკა | ბათუმის შოთა რუსთაველის სახელმწიფო უნივერსიტეტის მთავარი ბიბლიოთეკა | წიგნსაცავი | 2018-12-17 | 2.60 | 811.353.1'373 ქ-84 | 52905 | 2018-12-17 | 52905 | 2018-12-17 | წიგნი | 2.60 ლ. | |||||
| ბათუმის შოთა რუსთაველის სახელმწიფო უნივერსიტეტის მთავარი ბიბლიოთეკა | ბათუმის შოთა რუსთაველის სახელმწიფო უნივერსიტეტის მთავარი ბიბლიოთეკა | წიგნსაცავი | 2018-12-17 | 2.60 | 811.353.1'373 ქ-84 | 52906 | 2018-12-17 | 52906 | 2018-12-17 | წიგნი | 2.60 ლ. | |||||
| ბათუმის შოთა რუსთაველის სახელმწიფო უნივერსიტეტის მთავარი ბიბლიოთეკა | ბათუმის შოთა რუსთაველის სახელმწიფო უნივერსიტეტის მთავარი ბიბლიოთეკა | წიგნსაცავი | 2018-12-17 | 2.60 | 811.353.1'373 ქ-84 | 52907 | 2018-12-17 | 52907 | 2018-12-17 | წიგნი | 2.60 ლ. | |||||
| ბათუმის შოთა რუსთაველის სახელმწიფო უნივერსიტეტის მთავარი ბიბლიოთეკა | ბათუმის შოთა რუსთაველის სახელმწიფო უნივერსიტეტის მთავარი ბიბლიოთეკა | წიგნსაცავი | 2018-12-17 | 2.60 | 811.353.1'373 ქ-84 | 52908 | 2018-12-17 | 52908 | 2018-12-17 | წიგნი | 2.60 ლ | |||||
| ბათუმის შოთა რუსთაველის სახელმწიფო უნივერსიტეტის მთავარი ბიბლიოთეკა | ბათუმის შოთა რუსთაველის სახელმწიფო უნივერსიტეტის მთავარი ბიბლიოთეკა | წიგნსაცავი | 2018-12-17 | 2.60 | 811.353.1'373 ქ-84 | 52909 | 2018-12-17 | 52909 | 2018-12-17 | წიგნი | 2.60 ლ |
